[Event "6502 (2h/40)"]
[Site "Hannover"]
[Date "2008.11.03"]
[Round "1"]
[White "Mephisto Polgar"]
[Black "Fidelity Excellence 3MHz"]
[Result "1-0"]
[WhiteElo "1970"]
[BlackElo "1757"]
[EventDate "2008.11.03"]

1.e4 e5 2.Nf3 Nc6 3.Bb5 a6 4.Ba4 Nf6 5.O-O Nxe4 6.d4 b5 7.Bb3 d5 8.dxe5 
Be6 9.Qe2 Be7 10.Rd1 O-O 11.c4 bxc4 12.Bxc4 Bc5 13.Be3 Bxe3 14.Qxe3 Qb8 
15.Bb3 Qb5 16.Na3 Qa5 17.Rac1 Ne7 18.Nh4 f5 19.exf6 Rxf6 20.f3 Nd6 21.Nb1 
c6 22.Nc3 Re8 23.Ne2 Bf7 24.Qf2 Nef5 25.Nxf5 Nxf5 26.Nf4 Qb4 27.Nd3 Qd4 
28.Nc5 Qxf2+ 29.Kxf2 a5 30.Re1 Rd8 31.Nb7 Ra8 32.Ba4 d4 33.Rxc6 Bxa2 34.
Rxf6 gxf6 35.b3 Ra7 36.Nd8 d3 37.Rd1 Re7 38.Rxd3 Re5 39.Nc6 Rc5 40.g4 Nh6 
41.Rd8+ Kg7 42.Nd4 Nf7 43.Ra8 Kh6 44.Nf5+ Kg5 45.Kg3 Rxf5 46.h4+ Kg6 47.
gxf5+ Kxf5 48.Rxa5+ Ke6 49.Ra7 Bb1 50.b4 Nd6 51.Bb3+ Ke5 52.Ra5+ Kd4 53.
Rd5+ Kc3 54.Rxd6 Kxb3 55.b5 Bf5 56.Rd8 Bd3 57.Rxd3+ 1-0

[Event "6502 (2h/40)"]
[Site "Hannover"]
[Date "2008.11.04"]
[Round "1"]
[White "Fidelity Par Excellence"]
[Black "SciSys Turbostar 432 KSO"]
[Result "1-0"]
[WhiteElo "1835"]
[BlackElo "1765"]
[EventDate "2008.11.03"]

1.d4 d5 2.Nf3 Nf6 3.Bg5 Bf5 4.e3 e6 5.Bd3 Bxd3 6.Qxd3 c5 7.dxc5 Bxc5 8.
Qb5+ Nbd7 9.Nc3 b6 10.Bxf6 Qxf6 11.O-O-O a6 12.Qc6 Ra7 13.Qc8+ Qd8 14.
Qxd8+ Kxd8 15.e4 Bxf2 16.exd5 e5 17.Ne4 Be3+ 18.Kb1 f6 19.Rhe1 Bc5 20.d6 
Kc8 21.c3 a5 22.h3 Rd8 23.g3 Kb7 24.Nh4 Raa8 25.Rf1 b5 26.Nf5 g6 27.Ne7 f5
28.Ng5 Rh8 29.Ne6 Bb6 30.Rd5 b4 31.c4 Nf6 32.Rxe5 Ne4 33.Rd1 Nf2 34.Rdd5 
b3 35.axb3 Nxh3 36.c5 Bd8 37.c6+ Kb6 38.Nxd8 a4 39.Rb5+ Ka6 40.Ra5+ Kb6 
41.Reb5# 1-0

[Event "6502 (2h/40)"]
[Site "Hannover"]
[Date "2008.11.08"]
[Round "1"]
[White "Mephisto Rebell 5.0"]
[Black "Mephisto MM II"]
[Result "0-1"]
[WhiteElo "1824"]
[BlackElo "1773"]
[EventDate "2008.11.03"]

1.e4 e5 2.Nf3 Nc6 3.Nc3 Nf6 4.Bb5 Bb4 5.O-O O-O 6.d3 Bxc3 7.bxc3 d6 8.Bxc6
bxc6 9.Bg5 Bb7 10.Rb1 Ba6 11.c4 Qe7 12.c3 Rfb8 13.Qa4 Bb7 14.Qa5 c5 15.
Bxf6 gxf6 16.Rb2 f5 17.Rfb1 fxe4 18.Rxb7 Rxb7 19.Rxb7 exf3 20.gxf3 Qg5+ 
21.Kf1 Qd2 22.Rxa7 Qxd3+ 23.Kg2 Qg6+ 24.Kh1 Rf8 25.Qxc7 Kh8 26.h3 Rg8 27.
a4 Qg2# 0-1

[Event "6502 (2h/40)"]
[Site "Hannover"]
[Date "2008.11.09"]
[Round "1"]
[White "Mephisto Monte Carlo I"]
[Black "Saitek Simultano"]
[Result "1-0"]
[WhiteElo "1819"]
[BlackElo "1806"]
[EventDate "2008.11.03"]

1.Nf3 d5 2.c4 c6 3.d4 e6 4.Nc3 Nf6 5.Bg5 h6 6.Bxf6 Qxf6 7.e3 Bd6 8.c5 Bc7 
9.Bd3 O-O 10.Rc1 Nd7 11.O-O e5 12.Be2 e4 13.Nd2 Qg5 14.f4 exf3 15.Rxf3 Re8
16.Nf1 Nf6 17.Qb3 Rb8 18.Bd3 Bg4 19.Rf2 Rxe3 20.Nxe3 Qxe3 21.Rf1 Qxd3 22.
Nxd5 Qxb3 23.Nxf6+ gxf6 24.axb3 Bd8 25.b4 Kf8 26.b5 cxb5 27.d5 Rc8 28.b4 
a5 29.Rf4 Be2 30.Re1 Bc4 31.d6 axb4 32.d7 Ra8 33.Re8+ Kg7 34.Rg4+ Kh7 35.
Rgg8 Ra1+ 36.Kf2 Ra2+ 37.Ke3 Ra3+ 38.Kf2 Bc7 39.d8=Q Ra2+ 40.Kg1 Ra1+ 41.
Kf2 Rf1+ 42.Ke3 Bf4+ 43.Kd4 Rd1+ 44.Ke4 Rxd8 45.Rh8+ Kg6 46.Rxd8 Bxh2 47.
Rdg8+ Kh5 48.g4+ Kh4 49.Rxh6+ Kg3 50.Rxf6 b3 51.Rf3+ Kg2 52.Rd8 Bg3 53.Rd1
b2 54.Rd2+ Kh3 55.Rxb2 Kxg4 56.Rf6 Bh4 57.Rf4+ Kh3 58.Rf5 Kg4 59.Rh2 Be7 
60.Rg2+ Kh3 61.Kf3 Bh4 62.Rh5 Bd5+ 63.Rxd5 f5 64.Rd1 Be1 65.Rxe1 f4 66.
Rh1# 1-0

[Event "6502 (2h/40)"]
[Site "Hannover"]
[Date "2008.11.11"]
[Round "2"]
[White "Mephisto MM II"]
[Black "Mephisto Monte Carlo I"]
[Result "1/2-1/2"]
[WhiteElo "1773"]
[BlackElo "1819"]
[EventDate "2008.11.03"]

1.e4 e5 2.Nf3 Nc6 3.d4 exd4 4.Nxd4 Nf6 5.Nc3 Bb4 6.Nxc6 bxc6 7.Bd3 d5 8.
exd5 cxd5 9.Bb5+ Bd7 10.Qe2+ Kf8 11.Bd2 Bxb5 12.Qxb5 Qe8+ 13.Qxe8+ Rxe8+ 
14.Ne2 Bc5 15.b4 Bb6 16.b5 Kg8 17.f3 h6 18.a4 Bd4 19.Rd1 Bb2 20.Rb1 Be5 
21.f4 Bd4 22.Rb4 Bb6 23.Rb3 Ne4 24.Rf1 Nc5 25.Ra3 Nd7 26.Rd3 Nf6 27.Kd1 
Ng4 28.Rxd5 Nxh2 29.Re1 Ng4 30.Nc3 Rxe1+ 31.Kxe1 Kh7 32.Ne2 Re8 33.g3 Nf6 
34.Rd3 Kg6 35.a5 Bc5 36.Bc3 h5 37.Bxf6 Kxf6 38.a6 Bb6 39.Rd5 Ba5+ 40.Kf2 
Bb6+ 41.Ke1 Ba5+ 42.Kf2 Bb6+ 43.Ke1 1/2-1/2

[Event "6502 (2h/40)"]
[Site "Hannover"]
[Date "2008.11.12"]
[Round "2"]
[White "SciSys Turbostar 432 KSO"]
[Black "Mephisto Rebell 5.0"]
[Result "0-1"]
[WhiteElo "1765"]
[BlackElo "1824"]
[EventDate "2008.11.03"]

1.Nf3 Nf6 2.d4 d5 3.c4 dxc4 4.Qa4+ Bd7 5.Qxc4 e6 6.Nc3 Nc6 7.e4 Na5 8.Qd3 
Nc6 9.Bg5 Be7 10.Bxf6 Bxf6 11.e5 Be7 12.a3 O-O 13.Be2 a6 14.O-O Re8 15.Qe4
Rf8 16.Bd3 g6 17.Rae1 Kh8 18.b4 a5 19.b5 Na7 20.Qxb7 Bxa3 21.Be4 Qe7 22.
Rb1 Bb4 23.Rfc1 Nxb5 24.Nxb5 Rab8 25.Qa7 Rxb5 26.Rxc7 Rd8 27.h3 Qe8 28.Rd1
a4 29.Rb1 a3 30.Ne1 Ra5 31.Rxb4 Rxa7 32.Rxa7 Bc6 33.Bxc6 Qxc6 34.Rxa3 Qc1 
35.Re3 Kg7 36.Kh2 Qd2 37.Nd3 Qc3 38.Rb5 Rxd4 39.Ne1 Qd2 40.Kg1 Qc1 41.Rb7 
Rd1 42.Kf1 Qc4+ 43.Kg1 h5 44.Rb2 h4 45.Rbe2 g5 46.Re4 Qc7 47.Ra2 Kg6 48.
Ree2 Qc1 49.Kf1 Qb1 50.Rad2 Rxd2 51.Rxd2 Kf5 52.Re2 f6 53.exf6 Kxf6 54.Re3
e5 55.Rf3+ Ke6 56.Re3 Qc1 57.Ke2 Qc4+ 58.Nd3 e4 59.f3 Qa2+ 60.Kf1 Qb1+ 61.
Ne1 Qb5+ 62.Nd3 Kd6 63.fxe4 Qb1+ 64.Kf2 Qc2+ 65.Kg1 Ke6 66.e5 Qd1+ 67.Kh2 
Kf7 68.Nb4 Ke7 69.Rc3 Qe1 70.Nc6+ Kd7 71.Rc4 Qg3+ 72.Kh1 g4 73.hxg4 h3 74.
Nb8+ Ke8 75.Rc8+ Ke7 76.Rc7+ Kd8 77.Rc2 Qe1+ 78.Kh2 Qxe5+ 79.g3 Qxb8 80.
Re2 Kd7 81.Kxh3 Qh8+ 82.Kg2 Qh6 83.Kf3 Qf6+ 84.Kg2 Kd6 85.Rd2+ Ke5 86.Re2+
Kd4 87.Kh3 Qf1+ 88.Rg2 Ke4 89.Kh2 Kf3 90.Rb2 Qa1 91.Rg2 Kxg4 92.Rg1 Qh8+ 
93.Kg2 Qh7 94.Kf2 Qc2+ 95.Ke1 Kf3 96.Rf1+ Ke3 97.Rf3+ Kxf3 98.g4 Qc1# 0-1

[Event "6502 (2h/40)"]
[Site "Hannover"]
[Date "2008.11.18"]
[Round "2"]
[White "Fidelity Excellence 3MHz"]
[Black "Fidelity Par Excellence"]
[Result "0-1"]
[WhiteElo "1757"]
[BlackElo "1835"]
[EventDate "2008.11.03"]

1.c4 Nf6 2.d4 e6 3.Nc3 d5 4.Nf3 c5 5.e3 Nc6 6.Bd3 Bd6 7.O-O O-O 8.Nb5 Be7 
9.Nc3 Bd7 10.cxd5 exd5 11.dxc5 Bxc5 12.e4 dxe4 13.Nxe4 Nxe4 14.Bxe4 b6 15.
Qd3 f5 16.Bd5+ Kh8 17.Bg5 Qc7 18.Qc4 f4 19.Rfe1 Nb4 20.Be7 Nxd5 21.Qxd5 
Bc6 22.Qg5 h6 23.Qh4 Bxe7 24.Rxe7 Qd6 25.Ne5 Qf6 26.Qxf6 Rxf6 27.Rd1 Bb5 
28.f3 Re8 29.Rxe8+ Bxe8 30.Rd8 Re6 31.Ng6+ Rxg6 32.Rxe8+ Kh7 33.Kf2 Rc6 
34.g3 g5 35.gxf4 gxf4 36.b4 Kg6 37.h3 Kg5 38.a4 Rc2+ 39.Ke1 Ra2 40.Re5+ 
Kh4 41.a5 bxa5 42.Rxa5 Rxa5 43.bxa5 Kxh3 44.Kf2 a6 45.Kf1 Kg3 46.Ke2 h5 
47.Kf1 Kxf3 48.Kg1 Kg3 49.Kf1 f3 50.Kg1 f2+ 51.Kf1 h4 52.Ke2 h3 53.Kf1 h2 
54.Ke2 h1=Q 0-1

[Event "6502 (2h/40)"]
[Site "Hannover"]
[Date "2008.11.19"]
[Round "2"]
[White "Mephisto MM V"]
[Black "Mephisto Polgar"]
[Result "1-0"]
[WhiteElo "1974"]
[BlackElo "1970"]
[EventDate "2008.11.03"]

1.d4 Nf6 2.c4 e6 3.Nc3 Bb4 4.Qc2 c5 5.dxc5 O-O 6.a3 Bxc5 7.Nf3 d6 8.b4 Bb6
9.Na4 Bc7 10.Bg5 h6 11.Bh4 Bd7 12.e3 a5 13.Bd3 Na6 14.b5 Nc5 15.Nxc5 dxc5 
16.Bh7+ Kh8 17.Bxf6 Qxf6 18.Rd1 Qe7 19.Be4 Rab8 20.O-O f5 21.Bd3 Be8 22.
Be2 Bh5 23.Rb1 b6 24.Rfd1 e5 25.e4 Bg6 26.Bd3 f4 27.Qc3 Rbd8 28.Bc2 Qf6 
29.Rd5 Bf7 30.Rxd8 Rxd8 31.Rd1 Rxd1+ 32.Bxd1 Qd6 33.Bc2 Qe6 34.Bb3 a4 35.
Ba2 Bh5 36.Nd2 Qd7 37.Bb1 Be2 38.Bc2 Qd4 39.Qxd4 cxd4 40.f3 Bd6 41.Kf2 d3 
42.Bxa4 Bxa3 43.Ke1 Be7 44.g3 g5 45.Bd1 Bxd1 46.Kxd1 fxg3 47.hxg3 h5 48.
Nb3 Kg7 49.Nc1 h4 50.Nxd3 hxg3 51.Ke2 Kf6 52.Kf1 g2+ 53.Kxg2 Ke6 54.Kf2 
Ba3 55.Kg3 Bf8 56.Kg2 Be7 57.Kh2 Ba3 58.Kh3 Bf8 59.Kg3 Ba3 60.Kg4 Kf6 61.
c5 bxc5 62.Nb2 Ke6 63.b6 Kd7 64.Nc4 Bc1 65.Nxe5+ Kc8 66.Nc4 Bf4 67.Kf5 Kd8
68.e5 Kd7 69.Kf6 Kd8 70.e6 Ke8 1-0

[Event "6502 (2h/40)"]
[Site "Hannover"]
[Date "2008.11.21"]
[Round "3"]
[White "Fidelity Par Excellence"]
[Black "Mephisto MM V"]
[Result "1/2-1/2"]
[WhiteElo "1835"]
[BlackElo "1974"]
[EventDate "2008.11.03"]

1.e4 e5 2.Nf3 Nf6 3.d4 Nxe4 4.Bd3 d5 5.Nxe5 Bd6 6.O-O O-O 7.Nd2 Bxe5 8.
dxe5 Nc5 9.Nb3 Nxd3 10.Qxd3 Nc6 11.Bf4 Ne7 12.Qg3 Bf5 13.Nd4 Bg6 14.b4 Nf5
15.Nxf5 Bxf5 16.Qc3 c6 17.Be3 a5 18.a3 f6 19.f4 fxe5 20.fxe5 axb4 21.axb4 
Rxa1 22.Rxa1 Be4 23.Bc5 Qg5 24.g3 Qh5 25.Re1 Rf3 26.Rf1 Rxf1+ 27.Kxf1 Qd1+
28.Kf2 Kf7 29.h4 Ke6 30.Ke3 h5 31.Bd6 Bxc2 32.Bc5 Bf5 33.Kf2 Bd3 34.Qd4 
Qf1+ 35.Ke3 Qe2+ 36.Kf4 Bf5 37.Ba7 Qg4+ 38.Ke3 Qxg3+ 39.Kd2 Be4 40.Qb6 
Qd3+ 41.Ke1 Qb1+ 42.Kd2 Qc2+ 43.Ke1 Qc1+ 44.Ke2 Qb2+ 45.Ke3 Qxe5 46.Qxb7 
Qc3+ 47.Ke2 Qc2+ 48.Ke1 Qb1+ 49.Kf2 Qa2+ 50.Ke1 Qa1+ 51.Kd2 Qb2+ 52.Ke3 
Qc1+ 53.Ke2 Qc3 54.Qc8+ Ke5 55.Qc7+ Kf6 56.Qd8+ Kf7 57.Qd7+ Kg6 58.Qe8+ 
Kh6 59.Be3+ g5 60.hxg5+ Kg7 61.Qe7+ Kg6 62.Qe8+ Kg7 63.Qe7+ Kg8 64.Qe8+ 
Kg7 1/2-1/2

[Event "6502 (2h/40)"]
[Site "Hannover"]
[Date "2008.11.23"]
[Round "3"]
[White "Mephisto Rebell 5.0"]
[Black "Fidelity Excellence 3MHz"]
[Result "0-1"]
[WhiteElo "1824"]
[BlackElo "1757"]
[EventDate "2008.11.03"]

1.d4 Nf6 2.c4 d6 3.Nf3 Nc6 4.d5 Ne5 5.Nxe5 dxe5 6.Nc3 e6 7.e4 Be7 8.Be2 
exd5 9.cxd5 O-O 10.O-O c6 11.dxc6 bxc6 12.Be3 Qa5 13.Qc2 Be6 14.a3 Ng4 15.
Bd2 Qb6 16.h3 Bb3 17.Qc1 Nf6 18.a4 a5 19.Bg5 h6 20.Be3 Qb4 21.Bf3 Rad8 22.
Bd2 Qb6 23.Be3 c5 24.Ne2 Rd3 25.Ng3 Be6 26.Be2 Rb3 27.Bd2 c4 28.Bc3 Qc7 
29.Rd1 Bc5 30.Qd2 Rfb8 31.Ra2 Bb4 32.Bxb4 R3xb4 33.Bf3 Rb3 34.Be2 Qc5 35.
Kf1 Rxg3 36.fxg3 c3 37.Qxc3 Qxc3 38.bxc3 Bxa2 39.Bd3 Rc8 40.Ke2 Rxc3 41.
Kd2 Ra3 42.Ra1 Rxa4 43.Bc2 Bb3 44.Rxa4 Bxa4 45.Bxa4 Nxe4+ 46.Ke3 Nxg3 47.
Kf3 Nh5 48.Ke4 f6 49.h4 Ng3+ 50.Kf3 Nf5 51.h5 Kf7 52.g4 Nd4+ 53.Ke4 Ke6 
54.Ke3 Kd5 55.Kd3 Kc5 56.Be8 Kb4 57.Bf7 a4 58.Bg8 a3 59.Ba2 Nb5 60.Bf7 Nc3
61.Kc2 e4 62.Bg6 e3 63.Bf7 Ne4 64.Kd3 Nc5+ 65.Kc2 e2 66.Kd2 Nb3+ 67.Kxe2 
a2 68.Kf3 a1=Q 0-1

[Event "6502 (2h/40)"]
[Site "Hannover"]
[Date "2008.12.19"]
[Round "3"]
[White "Mephisto Monte Carlo I"]
[Black "SciSys Turbostar 432 KSO"]
[Result "1-0"]
[WhiteElo "1819"]
[BlackElo "1765"]
[EventDate "2008.11.03"]

1.Nf3 d5 2.d4 Nf6 3.c4 e6 4.Nc3 c6 5.Bg5 Nbd7 6.e3 Qa5 7.cxd5 Nxd5 8.Qd2 
N7b6 9.Rc1 f6 10.Nxd5 Qxd5 11.Bf4 Qxa2 12.Bd3 g5 13.Bg3 Bg7 14.O-O O-O 15.
Qc2 h5 16.Bd6 Rd8 17.Bc7 Rd7 18.Bxb6 axb6 19.Bc4 Qa5 20.Bxe6+ Rf7 21.Bc4 
Kf8 22.Bxf7 Kxf7 23.Nd2 Be6 24.Nc4 Qb4 25.Qc3 Qxc3 26.Rxc3 Ra2 27.b3 Bxc4 
28.bxc4 Rb2 29.Rcc1 Ra2 30.Ra1 Ra6 31.Rxa6 bxa6 32.Ra1 a5 33.Rb1 c5 34.
Rxb6 Bf8 35.d5 Be7 36.d6 Bd8 37.Rb8 Ke8 38.Rb7 h4 39.Kf1 f5 40.f4 Bf6 41.
d7+ Kd8 42.Ke2 a4 43.fxg5 Bxg5 44.Kd2 f4 45.Kd3 fxe3 46.Ra7 Bf4 47.h3 a3 
48.Ke2 Bg5 49.Rxa3 Kxd7 50.Ra6 Kc7 51.Kf3 e2 52.Kxe2 Kb8 53.Rc6 Be7 54.Re6
Bg5 55.Kf3 Ka7 56.Kg4 Bd8 57.Rd6 Bc7 58.Rh6 Bg3 59.Kf3 Kb7 60.Ke4 Kc7 61.
Kd5 Bf2 62.Rf6 Bg3 63.Kxc5 Kd7 64.Kd5 Ke7 65.Rf1 Kd7 66.Rf7+ Kd8 67.c5 Bh2
68.Ke6 Kc8 69.c6 Kd8 70.Kd5 Bg3 71.Kc5 Bc7 72.Kb5 Kc8 73.Rf8+ Bd8 74.Rxd8+
Kxd8 75.Kb6 Ke7 76.c7 Kd7 77.Kb7 Kd6 78.c8=Q 1-0

[Event "6502 (2h/40)"]
[Site "Hannover"]
[Date "2008.12.21"]
[Round "3"]
[White "Saitek Simultano"]
[Black "Mephisto MM II"]
[Result "0-1"]
[WhiteElo "1806"]
[BlackElo "1773"]
[EventDate "2008.11.03"]

1.Nf3 Nf6 2.d4 e6 3.c4 b6 4.g3 Ba6 5.b3 Nc6 6.Bg2 d5 7.O-O Bd6 8.Bb2 O-O 
9.Nbd2 Bb7 10.cxd5 exd5 11.Rc1 Qe7 12.Re1 Ba3 13.Bxa3 Qxa3 14.Qc2 Nb4 15.
Qxc7 Rac8 16.Nb1 Qa6 17.Qd6 Nc2 18.Red1 Qxe2 19.Rf1 Rfe8 20.Kh1 Ne4 21.Qd7
Re7 22.Ng1 Qxf1 23.Qxc8+ Bxc8 24.Bxf1 Nxf2+ 25.Kg2 Ng4 26.Kh1 Bf5 27.Nf3 
Be4 28.Nd2 Nge3 29.Nxe4 dxe4 30.Ne1 Nxf1 31.Rxc2 f5 32.Re2 e3 33.Kg2 Nd2 
34.Nc2 f4 35.gxf4 Re4 36.Rxe3 Rxf4 37.Re7 Ne4 38.Nb4 Nc3 39.Nc6 a5 40.Rb7 
Nd5 41.a3 g5 42.Kg3 h5 43.Rd7 h4+ 44.Kh3 Ne3 45.Ne7+ Kf7 46.Nd5+ Ke6 47.
Nxf4+ Kxd7 48.Ne2 Ke6 49.Nc3 Kf5 50.a4 Kf4 51.d5 Kf3 52.Nb1 Nxd5 53.Nd2+ 
Ke3 54.Nc4+ Kd4 55.Kg4 Kc3 56.Kxg5 Kxb3 57.Nd6 Kxa4 58.Kxh4 Kb4 59.Nf5 a4 
60.Nd4 a3 61.Nc2+ Kb3 62.Nxa3 Kxa3 63.Kg5 b5 64.h4 Ne7 65.h5 Ng8 66.Kf4 b4
67.Ke3 b3 68.Kd2 b2 69.Kc2 Ka2 70.Kd2 b1=Q 0-1

[Event "6502 (2h/40)"]
[Site "Hannover"]
[Date "2008.12.22"]
[Round "4"]
[White "SciSys Turbostar 432 KSO"]
[Black "Saitek Simultano"]
[Result "1-0"]
[WhiteElo "1765"]
[BlackElo "1806"]
[EventDate "2008.11.03"]

1.e4 c5 2.Nf3 e6 3.d4 cxd4 4.Nxd4 Nf6 5.Nc3 d6 6.Be2 Nc6 7.O-O Be7 8.f4 
O-O 9.Be3 e5 10.Nb3 exf4 11.Bxf4 Be6 12.Kh1 d5 13.e5 Ne4 14.Nxe4 dxe4 15.
c3 Qxd1 16.Raxd1 Bxb3 17.axb3 Rad8 18.Bc4 Rxd1 19.Rxd1 Rd8 20.Rxd8+ Nxd8 
21.Be3 Ne6 22.Bxa7 Bc5 23.Bxc5 Nxc5 24.Kg1 Kf8 25.Kf2 Ke7 26.Ke3 Nd3 27.
Bxd3 exd3 28.Kxd3 Ke6 29.Kd4 Kd7 30.Kc5 Kc7 31.b4 h6 32.g3 h5 33.Kd5 Kd7 
34.b5 Kc7 35.e6 fxe6+ 36.Kxe6 Kb6 37.Kf7 g5 38.Kg6 h4 39.g4 Kxb5 40.Kxg5 
Kc6 41.h3 Kd6 42.Kxh4 Ke6 43.g5 Kf7 44.Kh5 Kg7 45.c4 Kh7 46.g6+ Kg7 47.c5 
Kg8 48.Kh6 Kf8 49.Kh7 Ke8 50.g7 Ke7 51.g8=Q 1-0

[Event "6502 (2h/40)"]
[Site "Hannover"]
[Date "2009.03.25"]
[Round "4"]
[White "Fidelity Excellence 3MHz"]
[Black "Mephisto Monte Carlo I"]
[Result "0-1"]
[WhiteElo "1757"]
[BlackElo "1819"]
[EventDate "2008.11.03"]

1.e4 e5 2.Nf3 Nc6 3.Bb5 a6 4.Ba4 Nf6 5.O-O b5 6.Bb3 Bb7 7.Re1 Bc5 8.c3 d6 
9.d4 Bb6 10.Na3 h6 11.d5 Na5 12.Bc2 Ng4 13.Rf1 O-O 14.b4 Nc4 15.Nxc4 bxc4 
16.Qe2 c6 17.dxc6 Bxc6 18.Bb2 Bxf2+ 19.Rxf2 Nxf2 20.Kxf2 Qb6+ 21.Kg3 Rfc8 
22.Nd2 Bd7 23.h3 Be6 24.a4 a5 25.b5 Qc7 26.Rb1 Qc5 27.Qf2 Qxf2+ 28.Kxf2 
Rab8 29.Nf3 Rd8 30.Bc1 Kf8 31.Be3 Rb7 32.b6 h5 33.Kg3 f6 34.Rb5 Ra8 35.Kh2
g6 36.g3 Ke7 37.Ng1 Bc8 38.Kg2 Bd7 39.Rb1 Bc6 40.Nf3 Rd8 41.Rd1 Rbd7 42.
Nh4 Kf7 43.Kh2 Kg7 44.Kg1 Kg8 45.Rb1 Kg7 46.Kf2 Kf7 47.g4 hxg4 48.hxg4 Rh8
49.Kg3 Kg7 50.g5 fxg5 51.Nf3 g4 52.Kxg4 Rf7 53.Ng5 Rd7 54.Kg3 Kf6 55.Rf1+ 
Ke7 56.Rf7+ Kd8 57.Rf6 Ke7 58.Rxg6 Rf8 59.Ne6 Rf1 60.Kg2 Ra1 61.Bg5+ Kf7 
62.Rf6+ Kg8 63.Rf8+ Kh7 64.Nd8 Ba8 65.Kg3 Rg1+ 66.Kh4 Rg2 67.Ne6 Bc6 68.
Bb1 Bxa4 69.Rc8 Rf7 70.Be3 Rf1 71.Ng5+ Kg7 72.b7 Rh1+ 73.Nh3 Bd7 74.Bh6+ 
Kxh6 75.Rh8+ Kg7 76.Rg8+ Kf6 77.Rf8+ Ke7 78.Rf3 Rxb1 79.Rf2 Bxh3 80.Rf3 
Bd7 81.Rh3 Rg7 82.Kh5 Bxh3 83.Kh6 Kf6 84.b8=Q Rxb8 85.Kh5 Rh8# 0-1

[Event "6502 (2h/40)"]
[Site "Hannover"]
[Date "2009.03.26"]
[Round "4"]
[White "Mephisto MM V"]
[Black "Mephisto Rebell 5.0"]
[Result "1-0"]
[WhiteElo "1974"]
[BlackElo "1824"]
[EventDate "2008.11.03"]

1.d4 Nf6 2.c4 e6 3.Nc3 Bb4 4.Qc2 d5 5.a3 Bxc3+ 6.Qxc3 Ne4 7.Qc2 c5 8.dxc5 
Nc6 9.e3 Qa5+ 10.Bd2 Nxd2 11.Qxd2 Qxd2+ 12.Kxd2 Na5 13.Kc3 dxc4 14.Bxc4 
Nxc4 15.Kxc4 Bd7 16.b4 Bc6 17.Nf3 O-O-O 18.Rhd1 Rhe8 19.b5 Bd5+ 20.Kc3 f6 
21.Nd2 Bxg2 22.Rg1 Bh3 23.Rxg7 Rg8 24.Rf7 Rgf8 25.Rxf8 Rxf8 26.Rg1 Kb8 27.
Rg7 Rc8 28.Kc4 Rc7 29.Rxc7 Kxc7 30.Ne4 Bf1+ 31.Kb4 f5 32.Ng5 e5 33.Nxh7 a6
34.bxa6 Bxa6 35.Ng5 Be2 36.Nf7 e4 37.Nh6 Bg4 38.Nxg4 fxg4 39.Kc4 Kc6 40.
Kd4 Kb5 41.Kxe4 Kxc5 42.Kf5 Kd5 43.Kxg4 Ke6 44.h4 Kf7 45.e4 Kg6 46.e5 Kh6 
47.h5 Kg7 48.e6 b6 1-0

[Event "6502 (2h/40)"]
[Site "Hannover"]
[Date "2009.03.26"]
[Round "4"]
[White "Mephisto Polgar"]
[Black "Fidelity Par Excellence"]
[Result "1-0"]
[WhiteElo "1970"]
[BlackElo "1835"]
[EventDate "2008.11.03"]

1.e4 e5 2.Nf3 Nc6 3.Bb5 a6 4.Ba4 Nf6 5.O-O b5 6.Bb3 Bb7 7.Re1 Bc5 8.c3 d6 
9.d4 Bb6 10.a4 h6 11.axb5 axb5 12.Rxa8 Qxa8 13.Na3 exd4 14.cxd4 Ne7 15.e5 
dxe5 16.Nxe5 Bd5 17.Nxb5 Bxg2 18.f3 Bh3 19.Nxf7 Rf8 20.Qe2 Rxf7 21.Bxf7+ 
Kxf7 22.Qxe7+ Kg6 23.Kf2 Qa4 24.Rg1+ Bg4 25.Qe2 c6 26.Qd3+ Kf7 27.Nd6+ Kg8
28.Nc4 Bc7 29.fxg4 Bxh2 30.Rg2 Qa7 31.g5 hxg5 32.Rxh2 Ng4+ 33.Kg2 Nxh2 34.
Ne5 Ng4 35.Nxg4 Qf7 36.Qe4 Qh5 37.Nf2 Qh4 38.Qe6+ Kf8 39.Ne4 Qe1 40.Qc8+ 
Kf7 41.Nd6+ Ke7 42.Qe8+ Kxd6 43.Qxe1 1-0

[Event "6502 (2h/40)"]
[Site "Hannover"]
[Date "2009.03.29"]
[Round "5"]
[White "Mephisto Rebell 5.0"]
[Black "Mephisto Polgar"]
[Result "0-1"]
[WhiteElo "1824"]
[BlackElo "1970"]
[EventDate "2008.11.03"]

1.d4 d5 2.c4 c6 3.Nf3 Nf6 4.Nc3 dxc4 5.a4 Bf5 6.e3 e6 7.Bxc4 Bb4 8.O-O O-O
9.Qb3 Qe7 10.Bd2 c5 11.Nh4 cxd4 12.Nxf5 exf5 13.exd4 Nc6 14.d5 Na5 15.Qa2 
Nxc4 16.Qxc4 Rac8 17.Qd4 Qc5 18.Qxc5 Bxc5 19.Rad1 Bb4 20.Rfe1 Rc4 21.Re5 
g6 22.Ra1 Kg7 23.Be1 Rd8 24.Rd1 Rd7 25.Re3 Bxc3 26.Bxc3 Rxa4 27.Red3 g5 
28.f3 b5 29.Be5 Kg6 30.g3 Ne8 31.b3 Ra2 32.Rc3 f6 33.Rc6 a5 34.f4 Kf7 35.
Bc3 a4 36.bxa4 bxa4 37.Bb4 a3 38.Ra6 gxf4 39.gxf4 Rc2 40.Rxa3 Rc4 41.Be1 
Rxf4 42.Bg3 Re4 43.Rf3 Kg6 44.Bf4 Ng7 45.Rg3+ Kf7 46.Bh6 Nh5 47.Rgd3 Kg6 
48.Bc1 Nf4 49.Rg3+ Kh5 50.Bxf4 Rxf4 51.Rc3 Ra4 52.d6 Ra6 53.Rh3+ Kg5 54.
Rg3+ Kf4 55.Rh3 Raxd6 56.Rxd6 Rxd6 57.Rxh7 Kf3 58.h4 Kg3 59.Kf1 f4 60.h5 
Rc6 61.Rg7+ Kf3 62.Ke1 Rc1+ 63.Kd2 Rh1 64.Rh7 Kg4 65.Rg7+ Kf5 66.Rh7 Rh2+ 
67.Kd3 Rb2 68.Kd4 Rd2+ 69.Kc3 Ra2 70.Kd4 f3 71.Rc7 Kf4 72.Rc6 f5 73.h6 
Rd2+ 74.Kc5 f2 75.h7 Rd8 76.Rh6 f1=Q 77.Rh4+ Ke3 78.Kb6 Rh8 79.Rh6 Qb1+ 
0-1

[Event "6502 (2h/40)"]
[Site "Hannover"]
[Date "2009.05.02"]
[Round "5"]
[White "Mephisto Monte Carlo I"]
[Black "Mephisto MM V"]
[Result "1-0"]
[WhiteElo "1819"]
[BlackElo "1974"]
[EventDate "2008.11.03"]

1.e4 c6 2.Nf3 d5 3.Nc3 Bg4 4.h3 Bxf3 5.Qxf3 Nf6 6.d3 d4 7.Ne2 e5 8.Bd2 
Nbd7 9.Ng3 a5 10.Nf5 g6 11.Nh6 Bb4 12.Bxb4 axb4 13.Qd1 b5 14.Be2 c5 15.O-O
Qe7 16.Bg4 Nxg4 17.Qxg4 Nf6 18.Qg5 Nh5 19.Qxe7+ Kxe7 20.g3 Ra5 21.Kg2 Rha8
22.f4 exf4 23.g4 Rxa2 24.Rxa2 Rxa2 25.gxh5 Rxb2 26.Rf2 b3 27.cxb3 Rxb3 28.
Rxf4 Rxd3 29.Rxf7+ Ke6 30.Rxh7 gxh5 31.Nf5 b4 32.Rh6+ Kd7 33.e5 Rd2+ 34.
Kf3 Rd3+ 35.Ke4 Ra3 36.e6+ Kc7 37.e7 Ra1 38.Re6 Ra8 39.e8=Q Rxe8 40.Rxe8 
Kc6 41.Rc8+ Kb6 42.Nd6 h4 43.Nc4+ Kb5 44.Kd5 Ka4 45.Kxc5 Kb3 46.Kxd4 Kc2 
47.Rh8 b3 48.Rxh4 b2 49.Nxb2 Kxb2 1-0

[Event "6502 (2h/40)"]
[Site "Hannover"]
[Date "2009.05.02"]
[Round "5"]
[White "Saitek Simultano"]
[Black "Fidelity Excellence 3MHz"]
[Result "1-0"]
[WhiteElo "1806"]
[BlackElo "1757"]
[EventDate "2008.11.03"]

1.d4 Nf6 2.c4 e6 3.g3 d5 4.Nf3 dxc4 5.Qa4+ Nc6 6.Bd2 Bd6 7.Bg2 Nd5 8.Qxc4 
Nb6 9.Qd3 O-O 10.Ng5 f5 11.Bxc6 bxc6 12.O-O c5 13.Nf3 cxd4 14.Bg5 Qd7 15.
Qxd4 c5 16.Qd3 c4 17.Qd4 Bb7 18.Rd1 Bd5 19.Nc3 Qb7 20.Rac1 a6 21.Be3 Bc7 
22.Bf4 Bxf4 23.Qxf4 a5 24.Qe5 Rae8 25.Qf4 Nd7 26.Qd2 Bc6 27.Nd4 Nf6 28.
Nxc6 Qxc6 29.Nb1 Rb8 30.b3 Rb4 31.Qd4 Rc8 32.Nd2 c3 33.Nc4 Nd5 34.Qe5 Kh8 
35.Nd6 c2 36.Rd2 Re4 37.Nxe4 Ne3 38.fxe3 Qxe4 39.Rdxc2 Rd8 40.Rc8 Rg8 41.
Rxg8+ Kxg8 42.Rc8+ Kf7 43.Rc7+ Kg6 44.Rxg7+ Kh6 45.Qf6+ Kh5 46.Rg5# 1-0

[Event "6502 (2h/40)"]
[Site "Hannover"]
[Date "2009.05.03"]
[Round "5"]
[White "Mephisto MM II"]
[Black "SciSys Turbostar 432 KSO"]
[Result "1-0"]
[WhiteElo "1773"]
[BlackElo "1765"]
[EventDate "2008.11.03"]

1.d4 Nf6 2.c4 e6 3.Nc3 d5 4.Nf3 Be7 5.cxd5 exd5 6.Bg5 O-O 7.e3 Be6 8.Qb3 
b6 9.Bd3 c5 10.Bxf6 Bxf6 11.Qc2 h6 12.dxc5 bxc5 13.O-O Qe7 14.Rad1 Bxc3 
15.bxc3 Nd7 16.e4 dxe4 17.Bxe4 Rab8 18.Bh7+ Kh8 19.Bf5 Kg8 20.Rfe1 Rfd8 
21.Bxe6 fxe6 22.Qa4 Nb6 23.Rxd8+ Rxd8 24.Qa6 Kh7 25.h3 Kg8 26.a4 Qd7 27.a5
Nd5 28.Rd1 Qc8 29.Qxc8 Rxc8 30.c4 Nb4 31.Ne5 Nc6 32.Nxc6 Rxc6 33.Rb1 Rc7 
34.Kh2 Kf7 35.a6 Ke7 36.g4 Kd6 37.Kg3 Kc6 38.h4 Rd7 39.Re1 Rd3+ 40.f3 Rd6 
41.Re2 Kb6 42.Ra2 Rd7 43.Ra1 Rd2 44.Kf4 Rd4+ 45.Ke5 Rxc4 46.Kxe6 Rc3 47.f4
Rf3 48.Kf5 Rf2 49.Rd1 Kxa6 50.Rd6+ Kb5 51.Rg6 a5 52.Rxg7 Rh2 53.h5 a4 54.
Kg6 a3 55.Kxh6 a2 56.Ra7 c4 57.f5 c3 58.g5 Kb6 59.Ra3 Kb7 60.f6 c2 61.f7 
c1=Q 62.f8=Q Qc6+ 63.Qf6 Qxf6+ 64.gxf6 Kc6 65.f7 Rf2 66.Kg7 Rg2+ 67.Kf8 
Re2 68.h6 Rh2 69.h7 Rxh7 70.Kg8 Rh1 71.f8=Q Rg1+ 72.Qg7 a1=Q 73.Rxa1 Rxg7+
74.Kxg7 1-0

[Event "6502 (2h/40)"]
[Site "Hannover"]
[Date "2009.05.10"]
[Round "6"]
[White "Fidelity Excellence 3MHz"]
[Black "Mephisto MM II"]
[Result "1-0"]
[WhiteElo "1757"]
[BlackElo "1773"]
[EventDate "2008.11.03"]

1.e4 c6 2.d4 d5 3.exd5 cxd5 4.Bd3 Nc6 5.Nf3 Nf6 6.O-O Qb6 7.c3 Bg4 8.b4 
Bxf3 9.Qxf3 e5 10.dxe5 Nxe5 11.Qe2 Bd6 12.Bb5+ Kf8 13.Be3 Qc7 14.f4 Neg4 
15.Qd3 Kg8 16.Nd2 Nh5 17.g3 a6 18.Ba4 a5 19.a3 Nxe3 20.Qxe3 axb4 21.axb4 
Rc8 22.Rfc1 Qd8 23.Kg2 Nf6 24.Bb5 Qe7 25.Qxe7 Bxe7 26.Re1 Bf8 27.Rac1 d4 
28.cxd4 Rd8 29.Nf3 Bxb4 30.Re5 Bd6 31.Re2 Nd5 32.Bc4 Nb4 33.Ng5 Rd7 34.
Re8+ Bf8 35.Rb1 Nd5 36.Nxf7 Kxf7 37.Re5 Kf6 38.Bxd5 b5 39.Rxb5 g6 40.g4 
Kg7 41.f5 h5 42.g5 gxf5 43.Rxf5 Bd6 44.h4 Rc8 45.Rb2 Ba3 46.Ra2 Rc3 47.
Raf2 Rcc7 48.Re2 Bb4 49.Re8 Rd6 50.Kf3 Bd2 51.Ke4 Bb4 52.Rg8+ Kh7 53.Rf7+ 
Kxg8 54.Rxc7+ Kh8 55.Rc8+ Kh7 56.Bg8+ Kg7 57.Ke5 Rb6 58.Be6 Bd6+ 59.Kf5 
Rb5+ 60.d5 Rb8 61.Rxb8 Bxb8 62.g6 Bg3 63.Kg5 Bh2 64.Kxh5 Bd6 65.Bf5 Bc5 
66.Kg4 Bb4 67.h5 Bf8 68.Bd3 Kf6 69.Kf4 Bh6+ 70.Kf3 Bf8 71.Kg4 Bh6 72.Be4 
Ke5 73.Bf3 Kf6 74.Be2 Bf8 75.Kf4 Bh6+ 76.Kg3 Bg7 77.Kh4 Kf5 78.Bg4+ Kf6 
79.d6 Bh6 80.Bc8 Bg5+ 81.Kg4 Be3 82.Ba6 Kg7 83.d7 Bb6 84.Kg5 Bd8+ 85.Kf5 
Kh6 86.Ke6 Kg7 87.Bb7 Bg5 88.Be4 Bd8 89.h6+ Kxh6 90.Kf7 Kg5 91.g7 Kf4 92.
g8=Q 1-0